00222nam a22001097a 4500003000400000020002200004082001300026100002100039245001200060260003200072300000800104SGT a978-0-500-28803-0 a677bCOL aCOLCHESTER, CHBE aTEXTILE aUSAbTHAMES & HUDSON c2007 a208